00910nam a2200193 a 450000100100000000500170001000800410002704000250006808200160009310000370010924501210014626000770026730000210034450000730036571000320043895201150047095201140058599900170069900001595220200929164220.0100222s1956 dr r 001 0 spa d aDO-SdBNPbspacBNPHU axxxxbH557c1 aHernández, Francisco A.91964710aCódigo de comercio de la República Dominicana :bleyes que lo modifican y completan /cFrancisco A. Hernández. aCiudad Trujillo, República Dominicana :bLibrería Dominicana,c1956. a282 p. ;c23 cm. aIncluye referencias bibliográficas y notas al pie de las páginas1 aRepública Dominicana9447 00107-18PDaPDbPDcOId2019-05-29iLF1l0oxxxx H557cp15952-20r2020-06-25w2020-06-25yLFPDZNo se presta 001050718RVaPDbPDcHDd2010-02-22iLF1l0oxxxx H557cp15952-10r2020-06-25w2020-06-25y1ZNo se presta c15494d15494